Formicidae populations of the ecosystems in the environs of Tiszafüred
Elmentve itt :
| Szerző: | |
|---|---|
| Dokumentumtípus: | Cikk |
| Megjelent: |
1972
|
| Sorozat: | Tiscia
|
| Kulcsszavak: | Természettudomány |
| Online Access: | http://acta.bibl.u-szeged.hu/9705 |
| LEADER | 00602nab a2200181 i 4500 | ||
|---|---|---|---|
| 001 | acta9705 | ||
| 005 | 20210323132233.0 | ||
| 008 | 161015s1972 hu o 0|| eng d | ||
| 022 | |a 0563-587X | ||
| 040 | |a SZTE Egyetemi Kiadványok Repozitórium |b hun | ||
| 041 | |a eng | ||
| 100 | 1 | |a Gallé László | |
| 245 | 1 | 0 | |a Formicidae populations of the ecosystems in the environs of Tiszafüred |h [elektronikus dokumentum] / |c Gallé László |
| 260 | |c 1972 | ||
| 300 | |a 59-68 | ||
| 490 | 0 | |a Tiscia | |
| 695 | |a Természettudomány | ||
| 856 | 4 | 0 | |u http://acta.bibl.u-szeged.hu/9705/1/tiscia_007_059-068.pdf |z Dokumentum-elérés |